| 000 | 00689nam a2200217 4500 | ||
|---|---|---|---|
| 003 | OSt | ||
| 005 | 20230920102603.0 | ||
| 006 | k|||||r|||| 00| zz | ||
| 008 | 230920b |||||||| |||| 00| 0 eng d | ||
| 040 | _cLado V | ||
| 082 |
_a730 _bP227c |
||
| 100 |
_91073 _aParedes, Cecilia _eautor |
||
| 245 | _aCecilia Paredes/ | ||
| 260 |
_bEl jardÃn de Dafne _aCosta Rica _c2003 |
||
| 300 |
_a8p. _c21x30cm |
||
| 650 |
_2Tesauro de Arte & Arquitectura _aARTE _9702 |
||
| 650 |
_2Tesauro de Arte & Arquitectura _aESCULTURA _9702 |
||
| 650 |
_2Tesauro de Arte & Arquitectura _aBRONCE |
||
| 650 |
_2Tesauro de Arte & Arquitectura _aACERO |
||
| 942 |
_2ddc _c1 _h730 _iP227c _n0 |
||
| 999 |
_c4347 _d4347 |
||